000 00515nam a2200193Ia 4500
005 20221125110711.0
008 131103s9999 xx 000 0 und d
040 _aLoreto College
041 _aEnglish
082 _a954.01
_bUPA
100 _aUpadhyaya,Ganga Prasad
245 _aVedic Culture
_cGanga Prasad Upadhyaya
260 _aDelhi
_bSarvadeshika Arya Pratinidhi Sasha
_c1949
300 _aii,216 p.
504 _aIncludes index
650 _aHistory - Ancient India
850 _aLCLIB
942 _cBK
999 _c9373
_d59852